00612nam a2200145Ia 4500008004100000020001800041082001500059100008400074245011700158260004700275300001200322942000700334999001900341952010600360191014s9999 xx 000 0 und d a981-02-4181-X a539.7bBED aPaulo F. Bedaque, Martin J. Savage, Ryoichi Seki and Ubirajara Van Kolck920568 0aProceedings from the Institute for Nuclear Theory An INT Workshop Nuclear Physics with Effective Field Theory II aSingaporebWorld Scientific Company c2000 aXii,368 cBK c531161d531161 00104070aSNSbSNSd2019-10-15eDonationg0.00l0o539.7BEDpSNS0002938r2023-01-11w2019-10-15yBK